Robert Musil Bibliography - Statistics

General Stats
  • This quiz has been taken 2 times
  • The average score is 9 of 16
Answer Stats
Type Year Name % Correct
Novel 1906 The Confusions of Young Törless
100%
Novel 1930 The Man Without Qualities
100%
Lecture 1937 About Stupidity
50%
Novella 1924 Grigia
50%
Writings Collection 2020 Theater Symptoms: Plays & Writings on Drama
50%
Play 1921 The Enthusiasts
50%
Short Story 1911 The Perfecting of Love
50%
Novella 1924 The Portuguese Lady
50%
Writings Collection 1936 The Posthumous Papers of a Living Author
50%
Short Story 1911 The Temptation of Quiet Veronica
50%
Writings Collection 2015 Thought Flights
50%
Novella Collection 1924 Three Women
50%
Novella 1924 Tonka
50%
Short Story Collection 2019 Unions: Two Stories
50%
Play 1924 Vinzenz and the Girlfriend of Important Men
50%
Short Story Collection 1911 Associations
0%
No matching quizzes found
Score Distribution
Percent of People with Each Score
Percentile by Number Answered
Your Score History
You have not taken this quiz